00476 a2200145 4500010001400000020002300014035001300037037001500050082001200065245012000077260003400197270005200231300002800283700001900311 aENG-86833 c250.00a8187671513 aEN-70366 bDBAD / PUB14a658.4211 aChicken soup for the entrepreneur's soulcby Jack Canfield...[et al.]badvice and inspiration for fulfilling dreams aChennaibWestland Booksc2006 a571, P. H. Road, AminijikaraibChennaie600 029 axix, 330 pc22 cm (Pbk)1 aCanfield, Jack